Rosco de Pasapalabra #41 - Estadísticas

Estadísticas generales
  • Esta prueba ha sido intentada 340 veces
  • La puntuación promedio es 13 de 25
Estadísticas de respuestas
Inicial Definición Respuesta % Correcto
A Electrodoméstico que sirve para limpiar el polvo, absorbiéndolo Aspiradora
98%
O Vasija para guisar, alta y con dos asas Olla
83%
R Esparcir agua sobre el suelo o las plantas, o distribuirla por la tierra para suministrarla a las plantas Regar
83%
H Mitad de la superficie de la esfera terrestre que resulta al ser dividida esta por el ecuador o un meridiano Hemisferio
81%
S Elemento químico metálico, de símbolo NA Sodio
78%
B Resalto que se coloca en una calzada para obligar a los conductores a reducir la velocidad Badén
76%
L Empleo de los pronombres “la” y “las” como complemento indirecto, en lugar de “le” y “les” Laísmo
73%
Contiene la Ñ Cubrir el vapor de agua un cristal o superficie pulimentada Empañar
68%
V Sitio en donde se echan basuras, escombros o cosas inservibles Vertedero
68%
F Haber de una cosa menos de lo necesario Faltar
67%
Contiene la X Práctica religiosa para conjurar y expulsar al demonio del cuerpo de una persona o de un lugar Exorcismo
66%
J Vehículo ligero, con cuatro ruedas motrices, que permite el desplazamiento por cualquier terreno Jeep
66%
C Principio, origen y raíz de algo Comienzo
57%
D Dádiva o regalo, especialmente con fines benéficos o humanitarios Donativo
54%
M Unidad monetaria de Alemania hasta la implantación del euro Marco
53%
E Persona que tiene por oficio realizar muebles y trabajos artesanales en maderas finas Ebanista
49%
Z Globo dirigible rígido Zepelín
49%
Contiene la Q Grupo de personas que intenta, de forma pacífica o no, que otras secunden una huelga Piquete
32%
Contiene la Y Clavo doblado en ángulo recto por el extremo opuesto a la punta, para que las cosas colgadas no pueden salirse Alcayata
29%
U Radiación del espectro electromagnético de mayor longitud de onda que el rojo y de alto poder calorífico Ultrarrojo
26%
I Casa en donde se recoge y cría a los niños expósitos Inclusa
12%
G Saludo que hacen los barcos izando y arriando su bandera Guindamaina
3%
N Sierra de la República Dominicana que forma el reborde del lago Enriquillo Neiba
1%
P Votación popular de destierro usada entre los siracusanos Petalismo
1%
T Apellido del arquitecto, apodado el Viejo, que diseñó el Palacio de Drottningholm, que finalizó su hijo Tessin
1%
No se encontraron pruebas coincidentes
Distribución de puntuación
Porcentaje de gente con cada puntuación
Porcentaje por número respondido
Historial de tus puntuaciones
No has intentado esta prueba.